A guide to body pains / (Record no. 134967)
[ view plain ]
| 000 -LEADER | |
|---|---|
| fixed length control field | 00669nam a22002177a 4500 |
| 005 - DATE AND TIME OF LATEST TRANSACTION | |
| control field | 20190123161743.0 |
| 010 ## - LCCN (DPL NO) | |
| LC control number | B-218847 |
| 020 ## - INTERNATIONAL STANDARD BOOK NUMBER | |
| Terms of availability | 00.00 |
| International Standard Book Number | 8183820654 |
| 035 ## - SYSTEM CONTROL NUMBER | |
| System control number | B-218847, B-218851,B-218854,B-218854 ,B-218854 B-218877, b-218874 |
| 037 ## - SOURCE OF ACQUISITION | |
| Source of stock number/acquisition | Cen Lib/Ret |
| 082 ## - DEWEY DECIMAL CLASSIFICATION NUMBER | |
| Classification number | 616.0472 |
| Item number | SHA |
| 100 ## - MAIN ENTRY--PERSONAL NAME | |
| Personal name | Sharma, Rajeev |
| 245 ## - TITLE STATEMENT | |
| Title | A guide to body pains / |
| Statement of responsibility, etc | by Rajeev Sharma |
| 246 ## - VARYING FORM OF TITLE | |
| Remainder of title | |
| 260 ## - PUBLICATION, DISTRIBUTION, ETC. (IMPRINT) | |
| Name of publisher, distributor, etc | Lotus Press |
| Date of publication, distribution, etc | 2006 |
| Place of publication, distribution, etc | New Delhi |
| 270 ## - ADDRESS | |
| Address | 4263/3, Ansari Raod, Darya Ganj |
| City | New Delhi |
| Postal code | 110002 |
| 300 ## - PHYSICAL DESCRIPTION | |
| Extent | 199p. : |
| Dimensions | 19cm(Hb) |
| Other physical details | ill. |
| 650 ## - SUBJECT ADDED ENTRY--TOPICAL TERM | |
| Topical term or geographic name as entry element | Homeopathy |
| 650 ## - SUBJECT ADDED ENTRY--TOPICAL TERM | |
| Topical term or geographic name as entry element | Alternative medicine |
| 942 ## - ADDED ENTRY ELEMENTS (KOHA) | |
| Source of classification or shelving scheme | Dewey Decimal Classification |
| Item type | English Books |
| Classification part | 616.0472 |
| Call number suffix | SHA |
| Withdrawn status | Lost status | Not for loan | Home library | Current library | Date acquired | Source of acquisition | Cost, normal purchase price | Full call number | Barcode | Copy number | Cost, replacement price | Koha item type | Collection code |
|---|---|---|---|---|---|---|---|---|---|---|---|---|---|
| Central Library | Central Library | 01/08/2015 | Cen Lib/Ret | 0.00 | 616.0472 SHA | B-218847 | 1 | 0.00 | English Books | ||||
| Patel Nagar | Patel Nagar | 04/07/2018 | BPPD/Pub | 95.00 | 616.0472 SHA | B-218851 | 1 | 95.00 | English Books | Non-fiction | |||
| R.C.Libraries (zls) | R.C.Libraries (zls) | 17/11/2018 | 95.00 | 616.0472 SHA | B-218877 | 95.00 | English Books | Non-fiction | |||||
| Tri Nagar | Tri Nagar | 16/07/2018 | BPPD/pub | 95.00 | 616.0472 SHA | B-218854 | 1 | 95.00 | English Books | Non-fiction | |||
| Vigyan Vihar | Vigyan Vihar | 23/01/2019 | BPPD/PUB | 95.00 | 616.0472 SHA | b-218874 | 95.00 | English Books | Non-fiction |
